UK market outlook (Record no. 119350)
[ view plain ]
| 000 -LEADER | |
|---|---|
| fixed length control field | 01258cas a2200253 4500 |
| 001 - CONTROL NUMBER | |
| control field | L153654 |
| 008 - FIXED-LENGTH DATA ELEMENTS--GENERAL INFORMATION | |
| fixed length control field | 110815s2010 eng u |
| 035 ## - SYSTEM CONTROL NUMBER | |
| System control number | (Sirsi) u153654 |
| 041 0# - LANGUAGE CODE | |
| Language code of text/sound track or separate title | eng |
| 050 ## - LIBRARY OF CONGRESS CALL NUMBER | |
| Classification number | 333.33 $2 18 |
| 110 2# - MAIN ENTRY--CORPORATE NAME | |
| Corporate name or jurisdiction name as entry element | Knight Frank |
| 9 (RLIN) | 1530 |
| 245 00 - TITLE STATEMENT | |
| Title | UK market outlook |
| Remainder of title | commercial property review |
| Medium | [electronic resource] |
| 260 ## - PUBLICATION, DISTRIBUTION, ETC. | |
| Place of publication, distribution, etc. | London |
| Name of publisher, distributor, etc. | Knight Frank |
| Date of publication, distribution, etc. | July 2010- |
| 362 0# - DATES OF PUBLICATION AND/OR SEQUENTIAL DESIGNATION | |
| Dates of publication and/or sequential designation | July 2010- |
| 490 #0 - SERIES STATEMENT | |
| Series statement | Knight Frank UK Market Outlook Commercial Property Review |
| Volume/sequential designation | July 2010- |
| 520 ## - SUMMARY, ETC. | |
| Summary, etc. | A monthly report which provides a brief update on the key investment, financial and economic indicators relevant to the UK commercial property market, along with expectations for future performance. |
| 554 ## - | |
| -- | Monthly |
| 650 24 - SUBJECT ADDED ENTRY--TOPICAL TERM | |
| Topical term or geographic name entry element | KNIGHT FRANK UK MARKET OUTLOOK COMMERCIAL PROPERTY REVIEW |
| 651 #4 - SUBJECT ADDED ENTRY--GEOGRAPHIC NAME | |
| Geographic name | United Kingdom |
| Chronological subdivision | |
| 690 ## - LOCAL SUBJECT ADDED ENTRY--TOPICAL TERM (OCLC, RLIN) | |
| Topical term or geographic name as entry element | PROPERTY-COMMERCIAL PROPERTY-COMMERCIAL PROPERTY FINANCE AND INVESTMENT |
| 690 ## - LOCAL SUBJECT ADDED ENTRY--TOPICAL TERM (OCLC, RLIN) | |
| Topical term or geographic name as entry element | PROPERTY-COMMERCIAL PROPERTY-COMMERCIAL PROPERTY MARKET |
| 856 40 - ELECTRONIC LOCATION AND ACCESS | |
| Uniform Resource Identifier | <a href="https://www.knightfrank.com/research/details/market-outlook---commercial-property-review-240.aspx">https://www.knightfrank.com/research/details/market-outlook---commercial-property-review-240.aspx</a> |
| Public note | View the report free of charge (click on UK and Commercial links on the left hand side of the screen) at www.knightfrank.com |
| 942 ## - ADDED ENTRY ELEMENTS (KOHA) | |
| Suppress in OPAC | 0 |
| Withdrawn status | Lost status | Source of classification or shelving scheme | Damaged status | Not for loan | Home library | Current library | Shelving location | Date acquired | Total Checkouts | Full call number | Barcode | Date last seen | Copy number | Price effective from | Koha item type |
|---|---|---|---|---|---|---|---|---|---|---|---|---|---|---|---|
| Dewey Decimal Classification | Virtual | Virtual | Online | 15/08/2011 | ONLINE PUBLICATION | 153654-2001 | 06/08/2019 | 1 | 06/08/2019 | Book |